00728 2200253 4500001002100000005001700021008004100038035002400079082001400103090002100117100003900138245008400177250001100261260003300272300002500305500003100330650002200361700002800383850001200411980001500423985000600438999001500444999001500459YOGYA-0209000006549820090227091822.0 ind  0010-020900000065498 a959.82175 a959.82175bTim C aTIM YAYASAN MITRA BUDAYA INDONESIA aCerboncTim Yayasan Mitra Budaya Indonesia ; penyunting Paramita R. Abdurachman aCet. 1 aJakartabSinar Harapanc1982 a189 hlmbilusc21 cm aBibliografi : hlm. 187-189 aCirebon - Sejarah aAbdurachman, Paramita R aYOPDYOG a22-10-2008 a2 a93P0037584 a97P0100873